000 00292nam a2200097Ia 4500
008 220214s9999 xx 000 0 und d
245 2 _aA Process for extending the life of coconut leaf thatch
260 _bArticle published by CSIR Regional Laboratory, Trivandrum
300 _a6p
942 _cRE
999 _c46432
_d46432